Информационные системы эффективного управления предприятиями аграрного сектора региона в условиях неопределенности (Запись № 10409407)

Подробности
000 -МАРКЕР
контрольное поле 01853nam0a2200337 i 4500
001 - ИДЕНТИФИКАТОР ЗАПИСИ
контрольное поле RU\NLR\BIBL_A\010858521
005 - ИДЕНТИФИКАТОР ВЕРСИИ
контрольное поле 20260406091413.0
010 ## - МЕЖДУНАРОДНЫЙ СТАНДАРТНЫЙ НОМЕР КНИГИ (ISBN)
Номер (ISBN) 9785946465113
Тираж 600
021 ## - НОМЕР ГОСУДАРСТВЕННОЙ РЕГИСТРАЦИИ
Код страны Российская Федерация
Номер 2015-68311
Номер Листа государственной регистраци 4090
035 ## - ДРУГИЕ СИСТЕМНЫЕ НОМЕРА
Идентификатор записи (NLR Aleph) 010858521
100 ## - ДАННЫЕ ОБЩЕЙ ОБРАБОТКИ
Данные общей обработки 20151009d2015 k y0rusy50 ca
101 0# - ЯЗЫК РЕСУРСА
Язык текста, звукозаписи и т.д. русский
102 ## - СТРАНА ПУБЛИКАЦИИ ИЛИ ПРОИЗВОДСТВА
Страна публикации Российская Федерация
105 ## - ПОЛЕ КОДИРОВАННЫХ ДАННЫХ: ТЕКСТОВЫЕ МАТЕРИАЛЫ, МОНОГРАФИЧЕСКИЕ
Кодированные данные о монографическом текстовом документе a|||z|||000yy
200 1# - ЗАГЛАВИЕ И СВЕДЕНИЯ ОБ ОТВЕТСТВЕННОСТИ
Основное заглавие Информационные системы эффективного управления предприятиями аграрного сектора региона в условиях неопределенности
Первые сведения об ответственности П.И. Огородников, В.В. Дрошнев, М.Ю. Коловертнова [и др.
Последующие сведения об ответственности отв. ред.: А.И. Татаркин, акад. РАН, д.э.н., проф.]
210 ## - ПУБЛИКАЦИЯ, РАСПРОСТРАНЕНИЕ И ДР.
Место издания, распространения и т.д. Екатеринбург
Имя издателя, распространителя и т. д. Институт экономики УрО РАН
Дата издания, распространения и т.д. 2015
215 ## - ФИЗИЧЕСКАЯ ХАРАКТЕРИСТИКА
Специфическое обозначение материала и объем 201 с.
Другие сведения о физической характеристике ил.
Размеры 20
320 ## - ПРИМЕЧАНИЯ О НАЛИЧИИ В ДОКУМЕНТЕ БИБЛИОГРАФИИ / УКАЗАТЕЛЯ
Текст примечания Библиогр.: с. 190-201 (125 назв.) и в подстроч. примеч.
606 ## - НАИМЕНОВАНИЕ ТЕМЫ КАК ПРЕДМЕТ
Наименование темы Сельскохозяйственные предприятия
Тематический подзаголовок Управление
-- Информационное обеспечение
Системный номер авторитетной/нормативной записи 2563519
Идентификатор авторитетной/нормативной записи RU\NLR\AUTH\661516315
675 ## - УНИВЕРСАЛЬНАЯ ДЕСЯТИЧНАЯ КЛАССИФИКАЦИЯ (UDC/УДК)
Индекс 338.242:004
686 1# - ИНДЕКСЫ ДРУГИХ КЛАССИФИКАЦИЙ
Индекс У32(2)-219.1ф0
701 #1 - ИМЯ ЛИЦА - АЛЬТЕРНАТИВНАЯ ОТВЕТСТВЕННОСТЬ
Материалы, к которым относится поле rus
Графика поля Кириллица
Начальный элемент ввода Огородников
Часть имени, кроме начального элемента ввода П.И.
Даты 1947-
Расширение инициалов личного имени Петр Иванович
Идентификатор авторитетной/нормативной записи RU\NLR\AUTH\7725131
Системный номер авторитетной/нормативной записи 8180
701 #1 - ИМЯ ЛИЦА - АЛЬТЕРНАТИВНАЯ ОТВЕТСТВЕННОСТЬ
Начальный элемент ввода Дрошнев
Часть имени, кроме начального элемента ввода В. В.
Расширение инициалов личного имени Вячеслав Васильевич
701 #1 - ИМЯ ЛИЦА - АЛЬТЕРНАТИВНАЯ ОТВЕТСТВЕННОСТЬ
Начальный элемент ввода Коловертнова
Часть имени, кроме начального элемента ввода М. Ю.
Расширение инициалов личного имени Мария Юрьевна
702 #1 - ИМЯ ЛИЦА - ВТОРИЧНАЯ ОТВЕТСТВЕННОСТЬ
Код отношения Прочие
Материалы, к которым относится поле rus
Графика поля Кириллица
Начальный элемент ввода Татаркин
Часть имени, кроме начального элемента ввода А. И.
Даты 1946-2016
Расширение инициалов личного имени Александр Иванович
Идентификатор авторитетной/нормативной записи RU\NLR\AUTH\7760212
Системный номер авторитетной/нормативной записи 43143
801 #0 - ИСТОЧНИК ЗАПИСИ
Страна Российская Федерация
Организация РГБ
Дата составления 20150903
Правила каталогизации RCR
942 ## - ДОПОЛНИТЕЛЬНЫЕ ЭЛЕМЕНТЫ ЗАПИСИ (АБИС)
Тип экземпляра АБИС Книга
980 ## - КОЛЛЕКЦИЯ
Название коллекции НБР

Нет доступных экземпляров.